countries with the most illegal graffiti. - Statistics

General Stats
  • This quiz has been taken 33 times
  • The average score is 12 of 15
Answer Stats
Answer % Correct
6 France
97%
4 Germany
97%
5 UK
97%
1 USA
97%
10 Mexico
93%
3 Italy
90%
7 Spain
90%
9 Canada
87%
2 Brazil
83%
8 Australia
77%
11 Argentina
70%
14 Sweden
70%
12 Chile
60%
15 Greece
60%
13 South Africa
47%
No matching quizzes found
Score Distribution
Percent of People with Each Score
Percentile by Number Answered
Your Score History
You have not taken this quiz